| 000 | 00970nam a2200253Ia 4500 | ||
|---|---|---|---|
| 003 | OSt | ||
| 005 | 20220918112002.0 | ||
| 006 | a|||||r|||| 00| 0 | ||
| 007 | ta | ||
| 008 | 220915b |||||||| |||| 00| 0 san d | ||
| 024 | _a269513 | ||
| 037 | _cTextbook | ||
| 040 |
_bsan _aARTS _cARTS |
||
| 041 | _asan | ||
| 082 | _aO15,1M80x, K6(EPS) | ||
| 100 |
_aचतुर्वेद, शिवदत्त शर्मा, संपा. _911588 |
||
| 245 | 0 | _aचतुर्वेदी संस्कृत रचनावली | |
| 246 | _aChaturvedī sanskṛut rachanāvalī | ||
| 260 |
_aवाराणसी _bचौखम्बा संस्कृत सीरीज भारत _c1966 |
||
| 300 |
_a516पण् _ccm. |
||
| 650 | _aहिन्दी साहित्य | ||
| 942 |
_hO15,1M80x, K6(EPS) _cTB _2CC |
||
| 999 |
_c117733 _d117733 |
||